000 00556nam a2200181 a 4500
001 15962
003 CO-ViMGA
008 141112s2004 ck r 000 u spa d
040 _aCO-ViMGA
_bspa
_cCO-ViMGA
082 0 4 _aCo861.6 U741c
100 1 _aUribe Pinto, Roberto
_922915
245 1 0 _aCorrientes Interiores y otros poemas
260 _aBogotá,
_cInstituto Caro y Cuervo,
_c1993
300 _a112.p.
590 _aForma de adquisición : Donación Biblioteca Nacional 2003 - - Precio :
_10.000
650 1 4 _aPOESIA COLOMBIANA
_91069
942 _2ddc
_cBK
999 _c25957
_d25957